Statistics for French Baby Girl Names by Year Quiz

Click here to take the quiz!

General Stats

  • This quiz has been taken 1,486 times
  • The average score is 46 of 123

Answer Stats

# YearsName% Correct
10Marie
94%
1Anna
87%
4Anne
85%
1Annick
85%
2Annie
85%
2Lina
79%
3Emma
77%
1Julia
73%
3Julie
73%
1Lou
69%
4Louise
69%
3Sarah
69%
3Sophie
69%
2Emilie
68%
1Charlotte
67%
3Isabelle
66%
4Jeanne
65%
2Jeannine
64%
2Laura
64%
3Chloé
63%
3Léa
59%
1Hélène
56%
2Alice
55%
1Rose
54%
3Catherine
53%
1Eva
52%
2Christine
51%
2Lucie
51%
4Camille
50%
1Lisa
50%
3Paulette
50%
2Pauline
50%
1Caroline
49%
1Marion
49%
2Clara
48%
2Juliette
47%
1Micheline
47%
1Michelle
47%
3Nicole
46%
2Zoé
46%
3Manon
43%
2Stéphanie
43%
2Danielle
40%
1Jennifer
39%
1Léna
39%
1Florence
38%
2Nathalie
38%
2Thérèse
37%
2Céline
35%
2Lola
35%
2Marine
35%
3Monique
35%
2Patricia
35%
2Sylvie
35%
1Valérie
35%
2Mathilde
34%
1Béatrice
33%
3Françoise
33%
4Jacqueline
33%
2Véronique
33%
1Amandine
32%
3Madeleine
31%
3Suzanne
31%
1Brigitte
30%
2Marguerite
30%
2Sandrine
30%
4Andrée
29%
2Elodie
29%
2Evelyne
29%
2Jade
29%
2Martine
29%
3Inès
28%
2Mélanie
28%
2Colette
27%
2Dominique
26%
2Yvette
26%
3Yvonne
26%
2Audrey
25%
1Justine
25%
1Marthe
25%
1Mila
25%
3Simone
25%
2Simonne
25%
1Vanessa
25%
2Anaïs
24%
3Denise
24%
2Odette
24%
2Aurélie
23%
1Bernadette
23%
1Claudine
23%
2Corinne
23%
3Renée
23%
1Virginie
23%
2Delphine
22%
1Karine
22%
1Océane
22%
1Carole
21%
1Nadine
21%
1Ambre
20%
2Chantal
20%
2Georgette
20%
1Laurence
20%
1Romane
20%
2Christelle
19%
3Christiane
19%
1Henriette
18%
1Lilou
18%
1Josiane
16%
1Josette
15%
1Maelys
15%
1Pascale
15%
1Sabrina
15%
1Liliane
14%
2Michèle
14%
1Jocelyne
13%
1Louna
13%
2Lucienne
13%
1Maeva
13%
3Marcelle
13%
2Germaine
12%
1Ginette
12%
1Laetitia
11%
1Raymonde
9%

Score Distribution

Percentile by Number Answered

Percent of People with Each Score

Your Score History

You have not taken this quiz